000 01296nam a2200313 a 4500
001 000025285
003 DO-SdBNP
005 20240715144008.0
007 ta
008 110214s 2001 dr r 000 0 spa d
020 _a9993430218
040 _aDO-SdBNP
_bspa
_cBNPHU
_erda
082 4 _a306.097293 |
_bV443a
_222
100 1 _aVeloz Maggiolo, Marcio,
_d1936-2021
_91104
_eautor
245 1 _aAntropología portátil /
_cMarcio Veloz Maggiolo.
264 _aSanto Domingo :
_bBanco Central de la República Dominicana,
_c2001.
300 _a262 páginas ;
_c28 cm.
336 _2rdacontent
_atexto
_btxt
337 _2rdamedia
_asin mediación
_bn
338 _2rdacarrier
_avolumen
_bnc
490 1 _aBanco Central de la República Dominicana
_v39
_aCiencias sociales ; 7
500 _aLos trabajos reunidos en este libro han sido publicados en diversos órganos de prensa del país como la revista Rumbo y los periódicos Listín Diario , Hoy y en algunas revistas científicas tanto nacionales como extranjeras.
590 _aInventariado, 2019/BT
650 4 _aAntropología
_985431
650 4 _aEtnología
_92825
830 0 _aBanco Central de la República Dominicana
_n39
_pCiencias sociales
_n7
_951807
910 _aBtavárez/Validado. Control de calidad MFF
942 _2ddc
_cLBS1
999 _c24778
_d24778